| 000 | 005110000a22001690004500 | ||
|---|---|---|---|
| 041 | 0 | _aSPA | |
| 082 | 0 | 4 | _aG 261.7 M754i |
| 100 | 1 | _aGutiérrez Cortés, Rolando | |
| 245 | 1 | 0 | _aLas iglesias evangélicas y el estado mexicano / Rolando Gutiérrez-Cortés...[et. al.] |
| 260 | _aMéxico, D.F., México : Centro de Comunicaciones Cultural | ||
| 300 | _a176 Pag | ||
| 001 | 6828 | ||
| 942 | _cBK | ||
| 999 |
_c37084 _d37084 |
||
| 336 |
_atexto _btxt _2rdacontent |
||
| 337 |
_2rdamedia _asin mediación _bn |
||
| 338 |
_2rdacarrier _avolumen _bnc |
||